[Event "European Youth Chess Championship B16"]
[Site "Prague, Top Hotel Prague"]
[Date "2012.08.23"]
[Round "7.13"]
[White "Melzer, Patrik"]
[Black "Studer, Noel"]
[Result "1/2-1/2"]
[WhiteElo "2108"]
[BlackElo "2273"]
[PlyCount "59"]
[EventDate "2012.08.17"]

1. Nf3 Nf6 2. c4 e6 3. a3 c5 4. e3 b6 5. d4 Be7 6. Nc3 cxd4 7. exd4 d5 8. Bf4
a6 9. cxd5 Nxd5 10. Bxb8 Nxc3 11. bxc3 Rxb8 12. Bxa6 Bxa6 13. Qa4+ b5 14. Qxa6
Qd5 15. O-O Ra8 16. Qb6 O-O 17. Ne5 Bxa3 18. Nc6 Bd6 19. Rxa8 Rxa8 20. Qb7 Rf8
21. Rb1 Qc4 22. g3 Qxc3 23. Rxb5 g6 24. Kg2 Kg7 25. Qd7 Qd3 26. Rb7 Qe4+ 27.
Kg1 Qe1+ 28. Kg2 Qe4+ 29. Kg1 Qe1+ 30. Kg2 1/2-1/2

[Event "European Youth Chess Championship B16"]
[Site "Prague, Top Hotel Prague"]
[Date "2012.08.23"]
[Round "7.17"]
[White "Suarez Garcia, Carlos"]
[Black "David, Alexandru-Vasile"]
[Result "0-1"]
[WhiteElo "2311"]
[BlackElo "2059"]
[PlyCount "110"]
[EventDate "2012.08.17"]

1. d4 Nf6 2. c4 g6 3. g3 Bg7 4. Bg2 d5 5. cxd5 Nxd5 6. Nf3 Nb6 7. Nc3 Nc6 8.
O-O Nxd4 9. Nxd4 Qxd4 10. Qc2 Qc4 11. Bd2 c6 12. b3 Qc5 13. Rac1 Nd5 14. Nxd5
Qxc2 15. Rxc2 cxd5 16. Bxd5 O-O 17. Bb4 Rd8 18. Bf3 Bf6 19. Ba5 Re8 20. Rfc1
Be5 21. Bc7 Bxc7 22. Rxc7 Rb8 23. R1c4 a5 24. Ra4 b6 25. Bc6 Rd8 26. Rxe7 Bh3
27. f3 Rbc8 28. Bb5 Be6 29. Rb7 Rd6 30. Kf2 Rc2 31. Ke3 h5 32. Bd3 Rb2 33. Rc7
Bf5 34. Bxf5 gxf5 35. Rh4 Kg7 36. Rxh5 Kg6 37. Rh8 Rxa2 38. Rg8+ Kf6 39. Rf8
Re6+ 40. Kf4 Re7 41. Rxe7 Kxe7 42. Rb8 Rxe2 43. Rb7+ Kf8 44. h4 Re6 45. h5 Kg7
46. Rb8 Rd6 47. h6+ Rxh6 48. Kxf5 Rh5+ 49. Kg4 Rb5 50. f4 Rxb3 51. Kf5 a4 52.
Ke4 a3 53. Kd4 b5 54. g4 b4 55. Kc4 Rb2 0-1

[Event "European Youth Chess Championship B16"]
[Site "Prague, Top Hotel Prague"]
[Date "2012.08.23"]
[Round "7.20"]
[White "Ivekovic, Bozidar"]
[Black "Starcevs, Dmitrijs"]
[Result "1-0"]
[WhiteElo "2200"]
[BlackElo "2052"]
[PlyCount "125"]
[EventDate "2012.08.17"]

1. d4 Nf6 2. c4 g6 3. Nc3 d5 4. Bg5 Ne4 5. Bh4 Nxc3 6. bxc3 dxc4 7. Qa4+ c6 8.
Qxc4 Qa5 9. e3 Bg7 10. Nf3 Na6 11. Be2 Be6 12. Qd3 Nc5 13. Qc2 Bf5 14. Qb2 Nd3+
15. Bxd3 Bxd3 16. Kd2 Be4 17. Qxb7 O-O 18. Qxe7 Rfe8 19. Qb4 Qa6 20. Bg3 c5 21.
Qb3 Re7 22. Rhc1 Rb7 23. Qd1 cxd4 24. cxd4 Bf8 25. a3 Rb2+ 26. Ke1 Bd3 27. Nd2
Qa5 28. Bc7 Qb5 29. Rc3 Re8 30. Rb3 Rxb3 31. Qxb3 Qf5 32. g4 Qd7 33. Qxd3 Qxc7
34. Nf3 Bd6 35. h3 Qb7 36. Nd2 Rc8 37. Rb1 Qh1+ 38. Qf1 Qd5 39. Qb5 Qg2 40. Qb7
Qg1+ 41. Ke2 Rc1 42. Rxc1 Qxc1 43. Qxa7 Bxa3 44. Qa6 Bb4 45. Qd3 Bxd2 46. Qxd2
Qh1 47. d5 Qxh3 48. Qd4 Qh4 49. d6 Qd8 50. d7 f6 51. Qd5+ Kf8 52. Qe6 h5 53.
gxh5 gxh5 54. Kf3 Qe7 55. Qxe7+ Kxe7 56. Kg3 Kxd7 57. Kh4 Ke6 58. Kxh5 Ke5 59.
Kg6 f5 60. f3 f4 61. e4 Kd4 62. Kg5 Ke3 63. Kg4 1-0

[Event "European Youth Chess Championship B16"]
[Site "Prague, Top Hotel Prague"]
[Date "2012.08.23"]
[Round "7.21"]
[White "Sosovicka, Matej"]
[Black "Tomici, Stefan"]
[Result "0-1"]
[WhiteElo "2040"]
[BlackElo "2177"]
[PlyCount "56"]
[EventDate "2012.08.17"]

1. d4 d5 2. c4 e6 3. Nc3 c5 4. cxd5 exd5 5. Nf3 Nc6 6. g3 Nf6 7. Bg2 Be7 8. O-O
O-O 9. Bg5 cxd4 10. Nxd4 Re8 11. Rc1 h6 12. Be3 Bf8 13. Nxc6 bxc6 14. Na4 Bd7
15. Bc5 Bxc5 16. Nxc5 Bg4 17. Re1 Qa5 18. h3 Bf5 19. Qa4 Qd2 20. Qxc6 Rac8 21.
Qd6 Rxe2 22. Red1 Qxb2 23. Qf4 Bc2 24. Nd3 Qb8 25. Qf5 Rce8 26. Rxc2 Rxc2 27.
Nf4 Rxa2 28. Nxd5 Qe5 0-1

[Event "European Youth Chess Championship B16"]
[Site "Prague, Top Hotel Prague"]
[Date "2012.08.23"]
[Round "7.22"]
[White "Eggink, Mateusz"]
[Black "Cukrowski, Filip"]
[Result "1-0"]
[WhiteElo "2013"]
[BlackElo "2154"]
[PlyCount "79"]
[EventDate "2012.08.17"]

1. e4 c5 2. Nf3 Nc6 3. d4 cxd4 4. Nxd4 Nf6 5. Nc3 d6 6. Bc4 e5 7. Nde2 Be6 8.
Bb3 Be7 9. O-O O-O 10. Kh1 Rc8 11. f4 b5 12. Ng3 a6 13. Nd5 h6 14. Be3 exf4 15.
Nxf4 Bc4 16. Bxc4 bxc4 17. Nfh5 Nxh5 18. Qxh5 Bg5 19. Bxg5 Qxg5 20. Qxg5 hxg5
21. Nf5 Nb4 22. Ne7+ Kh7 23. Nxc8 Rxc8 24. Rxf7 Re8 25. Rf2 Rxe4 26. a3 Nd5 27.
Rd2 Re5 28. Rad1 Nf6 29. Rxd6 Rb5 30. R6d4 Rxb2 31. Rxc4 Nd5 32. Rc5 Ne3 33.
Rc1 Ra2 34. Rc3 Nd5 35. Rb3 Nf4 36. Re3 g4 37. Re4 g5 38. g3 Ng6 39. c4 Rxa3
40. c5 1-0

[Event "European Youth Chess Championship B16"]
[Site "Prague, Top Hotel Prague"]
[Date "2012.08.23"]
[Round "7.25"]
[White "Popov, Kirill"]
[Black "Haman, Jakub"]
[Result "1-0"]
[WhiteElo "2037"]
[BlackElo "2137"]
[PlyCount "59"]
[EventDate "2012.08.17"]

1. e4 e5 2. Nf3 Nc6 3. Bb5 a6 4. Ba4 Nf6 5. d3 b5 6. Bb3 Be7 7. O-O O-O 8. Re1
d6 9. c3 h6 10. Nbd2 Re8 11. Nf1 Bf8 12. a4 Na5 13. Ba2 c5 14. axb5 axb5 15. b4
Nc6 16. Bxf7+ Kxf7 17. Rxa8 g5 18. Ne3 Qb6 19. Nd5 Qb7 20. Ra1 Be6 21. Nxf6
Kxf6 22. bxc5 dxc5 23. d4 Bg4 24. h3 Bh5 25. Qd3 Bd6 26. dxe5+ Bxe5 27. Nxe5
Nxe5 28. Qd6+ Re6 29. Qf8+ Kg6 30. Qf5+ 1-0

[Event "European Youth Chess Championship B16"]
[Site "Prague, Top Hotel Prague"]
[Date "2012.08.23"]
[Round "7.26"]
[White "Mikes, Jan"]
[Black "Rauramaa, Julius"]
[Result "1-0"]
[WhiteElo "2125"]
[BlackElo "2006"]
[PlyCount "91"]
[EventDate "2012.08.17"]

1. d4 Nf6 2. Nc3 d5 3. Bg5 c6 4. Qd3 Nbd7 5. Nf3 e6 6. e4 dxe4 7. Nxe4 Be7 8.
Bxf6 Nxf6 9. Nxf6+ Bxf6 10. O-O-O O-O 11. h4 c5 12. dxc5 Qxd3 13. Bxd3 Bd7 14.
Ng5 g6 15. Ne4 Be7 16. Nd6 Bc6 17. f3 b6 18. Be4 Bxe4 19. Nxe4 Rfc8 20. cxb6
axb6 21. Kb1 Rc7 22. Rd3 Rca7 23. a3 b5 24. c3 Kg7 25. h5 f5 26. h6+ Kf8 27.
Nd2 Bxa3 28. bxa3 Rxa3 29. Rc1 b4 30. Kc2 bxc3 31. Rxc3 Rxc3+ 32. Kxc3 g5 33.
Nc4 Kf7 34. Re1 Ra2 35. g4 Rh2 36. Nd6+ Kf6 37. gxf5 exf5 38. Kd4 Rxh6 39. Kd5
Rh3 40. Re6+ Kg7 41. Nxf5+ Kf7 42. Ke5 h5 43. Rf6+ Kg8 44. Ke6 g4 45. Rg6+ Kh7
46. Kf7 1-0

[Event "European Youth Chess Championship B16"]
[Site "Prague, Top Hotel Prague"]
[Date "2012.08.23"]
[Round "7.29"]
[White "Khamidov, Komil"]
[Black "Slampa, Jan"]
[Result "1-0"]
[WhiteElo "2090"]
[BlackElo "1996"]
[PlyCount "101"]
[EventDate "2012.08.17"]

1. e4 e5 2. Nf3 Nc6 3. Bc4 Bc5 4. d4 exd4 5. O-O h6 6. c3 dxc3 7. Nxc3 Nge7 8.
a3 O-O 9. b4 Bd6 10. Bb2 Ng6 11. Ba2 Be7 12. b5 Nce5 13. Nxe5 Nxe5 14. f4 Ng6
15. Qh5 Kh7 16. f5 Ne5 17. f6 Bxf6 18. Nd5 Nf3+ 19. Rxf3 Bxb2 20. Raf1 d6 21.
Rxf7 Bd4+ 22. Kh1 Rxf7 23. Qxf7 Be5 24. Ne7 Bd7 25. Qg6+ Kh8 26. Bg8 Qxg8 27.
Nxg8 Rxg8 28. a4 Be8 29. Qe6 c6 30. Qb3 cxb5 31. axb5 a6 32. b6 Bc6 33. Qb4 Rc8
34. g3 Rd8 35. Rd1 Kh7 36. Kg2 Re8 37. Rc1 Rc8 38. Kf3 Kh8 39. Rd1 Rf8+ 40. Ke3
Re8 41. Rc1 Rc8 42. Qb3 Bf6 43. h4 Kh7 44. Qe6 Bd7 45. Qxd7 Rxc1 46. Qxb7 Rc3+
47. Kd2 Rxg3 48. Qc7 Bxh4 49. b7 Bg5+ 50. Ke2 Re3+ 51. Kf2 1-0

[Event "European Youth Chess Championship B16"]
[Site "Prague, Top Hotel Prague"]
[Date "2012.08.23"]
[Round "7.30"]
[White "Medar, Marti"]
[Black "Toman, Ondrej"]
[Result "0-1"]
[WhiteElo "2000"]
[BlackElo "2074"]
[PlyCount "80"]
[EventDate "2012.08.17"]

1. d4 d5 2. c4 c6 3. Nf3 Nf6 4. e3 e6 5. Nbd2 Nbd7 6. b3 Bd6 7. Bb2 O-O 8. Ne5
Qc7 9. f4 Ne4 10. Nxe4 dxe4 11. Qd2 f6 12. Nxd7 Bxd7 13. c5 Be7 14. Qc2 f5 15.
Bc4 Bf6 16. O-O h6 17. g4 Kh8 18. Qg2 g5 19. Kh1 Kh7 20. Rg1 b5 21. cxb6 axb6
22. gxf5 exf5 23. fxg5 hxg5 24. d5 Be7 25. dxc6 Bxc6 26. Rac1 Qd6 27. Be2 Qh6
28. Rgd1 Rxa2 29. Bc4 f4 30. Ra1 f3 31. Qf2 Rxa1 32. Bxa1 Bd6 33. Bf1 Rd8 34.
Be5 Qe6 35. Ba1 Qxb3 36. Rc1 Bb5 37. Bh3 Bd7 38. Bf1 Rc8 39. Rxc8 Bxc8 40. Qd2
Qb1 0-1

[Event "European Youth Chess Championship B16"]
[Site "Prague, Top Hotel Prague"]
[Date "2012.08.23"]
[Round "7.31"]
[White "Navratil, Jiri"]
[Black "Dereshki, Dario"]
[Result "1/2-1/2"]
[WhiteElo "2066"]
[BlackElo "1938"]
[PlyCount "67"]
[EventDate "2012.08.17"]

1. e4 c6 2. d4 d5 3. Nd2 dxe4 4. Nxe4 Nd7 5. Nf3 Ngf6 6. Ng3 e6 7. Bd3 Be7 8.
O-O O-O 9. Re1 c5 10. c3 b6 11. Qe2 Re8 12. Ne5 Bd6 13. Ne4 Bxe5 14. dxe5 Nxe5
15. Nxf6+ gxf6 16. Bxh7+ Kxh7 17. Qe4+ f5 18. Qxe5 Rg8 19. Bf4 Bb7 20. g3 Qd5
21. Qxd5 Bxd5 22. Re3 f6 23. Rd3 c4 24. Rd2 Rg7 25. Kf1 Rd8 26. Rad1 Rgd7 27.
Re1 Kg6 28. b3 Rc8 29. b4 Rcd8 30. Be3 Rc8 31. Bf4 Rcd8 32. Be3 Rc8 33. Bf4
Rcd8 34. Be3 1/2-1/2

[Event "European Youth Chess Championship B16"]
[Site "Prague, Top Hotel Prague"]
[Date "2012.08.23"]
[Round "7.33"]
[White "Machan, Jan"]
[Black "Burcu, Cagatay"]
[Result "0-1"]
[WhiteElo "2055"]
[BlackElo "1992"]
[PlyCount "120"]
[EventDate "2012.08.17"]

1. d4 d5 2. c4 e6 3. Nf3 Nf6 4. g3 c6 5. Nbd2 Nbd7 6. Bg2 Bd6 7. O-O O-O 8. Qc2
Re8 9. b3 e5 10. dxe5 Nxe5 11. Bb2 dxc4 12. Nxc4 Nxc4 13. Qxc4 Be6 14. Qh4 Ng4
15. Qg5 Qxg5 16. Nxg5 Bf5 17. e4 Bg6 18. h3 Ne5 19. Rad1 Bc5 20. Rfe1 f6 21.
Nf3 Nxf3+ 22. Bxf3 Rad8 23. Rxd8 Rxd8 24. Re2 a5 25. Rc2 Bb6 26. Bc3 f5 27. Rd2
Rxd2 28. Bxd2 fxe4 29. Bg4 Bc7 30. Bc8 b6 31. Bd7 c5 32. Kf1 Kf8 33. Ke2 Ke7
34. Bc6 Be5 35. Bg5+ Kd6 36. Bb5 Kc7 37. Ke3 h6 38. Be7 Bd4+ 39. Ke2 Bf5 40. g4
Bd7 41. Bc4 h5 42. gxh5 Be8 43. h6 gxh6 44. Bf8 h5 45. Bd5 Bg6 46. Be6 b5 47.
Be7 Kc6 48. Bf8 a4 49. bxa4 bxa4 50. f4 exf3+ 51. Kxf3 Bf6 52. Bc4 Bf5 53. Kg3
h4+ 54. Kg2 Be4+ 55. Kf2 Bd5 56. Bxd5+ Kxd5 57. Ke3 c4 58. Bb4 Bg5+ 59. Kf3 Kd4
60. Ke2 c3 0-1

[Event "European Youth Chess Championship B16"]
[Site "Prague, Top Hotel Prague"]
[Date "2012.08.23"]
[Round "7.34"]
[White "Lekic, Lazar"]
[Black "Shen, Yue"]
[Result "1-0"]
[WhiteElo "1972"]
[BlackElo "2139"]
[PlyCount "69"]
[EventDate "2012.08.17"]

1. e4 c6 2. d4 d5 3. e5 c5 4. dxc5 e6 5. a3 Nd7 6. b4 a5 7. Bb2 Ne7 8. Nf3 Nc6
9. Bb5 axb4 10. Bxc6 bxc6 11. axb4 Rxa1 12. Bxa1 Ba6 13. Nbd2 Be7 14. c4 dxc4
15. Bc3 O-O 16. O-O f6 17. Re1 Nxe5 18. Nxe5 fxe5 19. Qg4 Rf6 20. Qe4 Qd5 21.
Qxe5 Rg6 22. Qxd5 cxd5 23. Nf3 Bf6 24. Ne5 Rg5 25. f4 Bxe5 26. Bxe5 Rxe5 27.
Rxe5 c3 28. Kf2 d4 29. Re1 Bb5 30. Ra1 d3 31. Ke1 d2+ 32. Kd1 Be8 33. Ra8 Kf7
34. Ra3 Bc6 35. Rxc3 1-0

[Event "European Youth Chess Championship B16"]
[Site "Prague, Top Hotel Prague"]
[Date "2012.08.23"]
[Round "7.36"]
[White "Ulanowski, Karol"]
[Black "Oliver, Martin"]
[Result "1/2-1/2"]
[WhiteElo "2035"]
[BlackElo "1838"]
[PlyCount "88"]
[EventDate "2012.08.17"]

1. e4 c6 2. d4 d5 3. Nc3 dxe4 4. Nxe4 Bf5 5. Ng3 Bg6 6. h4 h6 7. Nf3 Nd7 8. h5
Bh7 9. Bd3 Bxd3 10. Qxd3 e6 11. Bd2 Ngf6 12. O-O-O Be7 13. Ne4 Nxe4 14. Qxe4
Nf6 15. Qe2 Qd5 16. c4 Qe4 17. Qxe4 Nxe4 18. Be3 f5 19. Kc2 Bg5 20. Nxg5 hxg5
21. Kd3 g4 22. h6 gxh6 23. f3 Nf6 24. Bxh6 Kf7 25. Bf4 gxf3 26. gxf3 Rh5 27.
Be5 Rah8 28. Rhg1 Rh3 29. Ke2 R8h4 30. Bg3 Rh7 31. b4 Nh5 32. Be5 f4 33. Rg2
Ng3+ 34. Kd3 Nf5 35. Rf2 Nh4 36. Ke4 Ng6 37. b5 Rh2 38. Rdd2 Rxf2 39. Rxf2 Rh1
40. bxc6 bxc6 41. Re2 Rc1 42. Bxf4 Nxf4 43. Kxf4 Rxc4 44. Ke5 Ra4 1/2-1/2

[Event "European Youth Chess Championship B16"]
[Site "Prague, Top Hotel Prague"]
[Date "2012.08.23"]
[Round "7.37"]
[White "Fontaine, Quentin"]
[Black "Eggink, Ryszard"]
[Result "0-1"]
[WhiteElo "1916"]
[BlackElo "2031"]
[PlyCount "84"]
[EventDate "2012.08.17"]

1. e4 e5 2. f4 exf4 3. Nf3 d5 4. exd5 Nf6 5. Bc4 Bd6 6. Qe2+ Qe7 7. Qxe7+ Kxe7
8. d4 g5 9. h4 g4 10. Ne5 Nbd7 11. Bxf4 Nh5 12. g3 Nb6 13. Bb3 f6 14. Nd3 Nxg3
15. Rg1 Nh5 16. Bxd6+ cxd6 17. c4 Bf5 18. Kd2 Rac8 19. Na3 Bxd3 20. Kxd3 f5 21.
Rae1+ Kd7 22. c5 Nf4+ 23. Kd2 dxc5 24. Re5 Ng6 25. Rxf5 Nxh4 26. Rf7+ Ke8 27.
d6 Nf3+ 28. Kd1 c4 29. Re7+ Kd8 30. Rxg4 cxb3 31. axb3 h5 32. Rgg7 Nxd4 33. Nc4
Nf5 34. Ne5 Nxe7 35. dxe7+ Ke8 36. Nf7 Kd7 37. Ne5+ Ke6 38. Ng6 Rhe8 39. Nf8+
Rxf8 40. exf8=Q Rxf8 41. Rxb7 Rf7 42. Rb8 Rh7 0-1

[Event "European Youth Chess Championship B16"]
[Site "Prague, Top Hotel Prague"]
[Date "2012.08.23"]
[Round "7.39"]
[White "Binder, Moriz"]
[Black "Smith, Patrick L"]
[Result "1-0"]
[WhiteElo "1986"]
[BlackElo "1771"]
[PlyCount "72"]
[EventDate "2012.08.17"]

1. Nf3 f5 2. d3 Nf6 3. Nbd2 Nc6 4. e4 d6 5. exf5 Bxf5 6. d4 g6 7. Bc4 Bg7 8.
O-O Na5 9. Qe2 Nxc4 10. Qxc4 Qd7 11. Ng5 e6 12. Re1 O-O-O 13. b4 h6 14. Ngf3 g5
15. a4 Nd5 16. Nf1 Bg4 17. N3d2 Nb6 18. Qb3 Bxd4 19. c3 Bg7 20. Ne3 Bh5 21. a5
Nd5 22. Nxd5 exd5 23. a6 c6 24. axb7+ Qxb7 25. Nf1 d4 26. Ng3 Bf7 27. c4 Rhe8
28. Bb2 Bg6 29. Qa3 Kb8 30. Red1 d3 31. Bxg7 Qxg7 32. b5 c5 33. b6 Re7 34. Qa5
Rdd7 35. b7 Re8 36. Qxa7+ Kc7 1-0

[Event "European Youth Chess Championship B16"]
[Site "Prague, Top Hotel Prague"]
[Date "2012.08.23"]
[Round "7.40"]
[White "Magee, Ronan"]
[Black "Meisch, Tanguy"]
[Result "0-1"]
[WhiteElo "1981"]
[BlackElo "1748"]
[PlyCount "140"]
[EventDate "2012.08.17"]

1. e4 e6 2. d4 d5 3. Nc3 dxe4 4. Nxe4 Qd5 5. Nc3 Bb4 6. Nf3 Nf6 7. Bd2 Bxc3 8.
bxc3 b6 9. Bd3 Ba6 10. Qe2 Bxd3 11. cxd3 Nbd7 12. O-O c5 13. c4 Qd6 14. d5 O-O
15. dxe6 Rae8 16. Ng5 fxe6 17. f4 e5 18. f5 e4 19. Ne6 exd3 20. Qf3 Rf7 21. Bf4
Qe7 22. Qxd3 Nf8 23. Ng5 Qd7 24. Qh3 Qd4+ 25. Kh1 Ne4 26. Qe3 Qxe3 27. Bxe3
Nxg5 28. Bxg5 Re5 29. g4 g6 30. Bh6 gxf5 31. gxf5 Rfxf5 32. Rg1+ Ng6 33. Rad1
Rf2 34. Rgf1 Ree2 35. Rxf2 Rxf2 36. Rd8+ Kf7 37. Rd7+ Ke6 38. Rxa7 Ne5 39. Kg1
Rc2 40. Rxh7 Nf3+ 41. Kf1 Nxh2+ 42. Kg1 Nf3+ 43. Kf1 Rxa2 44. Rb7 Rb2 45. Bf8
Nd2+ 46. Ke2 Nxc4+ 47. Kd3 Kd5 48. Rd7+ Kc6 49. Rh7 Ne5+ 50. Kc3 Rg2 51. Bg7
Rg3+ 52. Kc2 Nc4 53. Rh6+ Kb5 54. Bc3 Rg2+ 55. Kb3 Nd2+ 56. Bxd2 Rxd2 57. Rh4
Rd3+ 58. Kb2 Rg3 59. Rh6 c4 60. Rf6 Ka5 61. Rh6 b5 62. Rh5 Kb4 63. Rh8 Rg2+ 64.
Kc1 Kb3 65. Rh5 b4 66. Rh1 c3 67. Kb1 Ka3 68. Rc1 c2+ 69. Ka1 b3 70. Rxc2 Rg1+
0-1

[Event "European Youth Chess Championship B16"]
[Site "Prague, Top Hotel Prague"]
[Date "2012.08.23"]
[Round "7.43"]
[White "Cap, Adam"]
[Black "Thorpe, Thomas"]
[Result "1-0"]
[WhiteElo "2074"]
[BlackElo "1829"]
[PlyCount "45"]
[EventDate "2012.08.17"]

1. e4 c5 2. Nf3 Nc6 3. d4 cxd4 4. Nxd4 g6 5. Nc3 Bg7 6. Be3 Nf6 7. Bc4 Qa5 8.
O-O O-O 9. Bb3 d6 10. f3 Bd7 11. Kh1 Nxd4 12. Bxd4 Bc6 13. Qe2 Nd7 14. Bxg7
Kxg7 15. Nd5 Rfe8 16. Rfd1 Nc5 17. Bc4 Ne6 18. b4 Qd8 19. Qe3 Nc7 20. Qc3+ Kg8
21. Nxc7 Qxc7 22. b5 Bd5 23. exd5 1-0

[Event "European Youth Chess Championship B16"]
[Site "Prague, Top Hotel Prague"]
[Date "2012.08.23"]
[Round "7.45"]
[White "Bocek, Tadeas"]
[Black "Kerdik, Adam"]
[Result "1/2-1/2"]
[WhiteElo "1830"]
[BlackElo "1966"]
[PlyCount "86"]
[EventDate "2012.08.17"]

1. d4 Nf6 2. Nf3 e6 3. e3 c5 4. Bd3 Nc6 5. b3 d5 6. Bb2 Bd6 7. Nbd2 O-O 8. Ne5
Qc7 9. Nxc6 bxc6 10. dxc5 Be5 11. c3 Nd7 12. b4 a5 13. a3 Rb8 14. Qc2 g6 15.
Nf3 Bg7 16. h4 e5 17. Be2 e4 18. Nd4 Ne5 19. h5 f5 20. hxg6 hxg6 21. O-O-O f4
22. Qd2 Qf7 23. Rdf1 g5 24. Kb1 Bd7 25. Bc1 axb4 26. cxb4 Qg6 27. Bh5 Qf6 28.
Be2 Qg6 29. Qc2 fxe3 30. fxe3 Bg4 31. Bxg4 Nxg4 32. Qe2 Ne5 33. Qa6 g4 34. Qa5
Nc4 35. Qc7 Bxd4 36. exd4 e3+ 37. Ka2 Qc2+ 38. Ka1 Qc3+ 39. Ka2 Qc2+ 40. Ka1 e2
41. Rxf8+ Rxf8 42. Qxc6 Qc3+ 43. Ka2 Qc2+ 1/2-1/2

[Event "European Youth Chess Championship B16"]
[Site "Prague, Top Hotel Prague"]
[Date "2012.08.23"]
[Round "7.46"]
[White "Hochshtad, Eyal"]
[Black "Gruter, Martin"]
[Result "1/2-1/2"]
[WhiteElo "1958"]
[BlackElo "1811"]
[PlyCount "118"]
[EventDate "2012.08.17"]

1. e4 e6 2. d4 d5 3. Nd2 Nf6 4. e5 Nfd7 5. f4 c5 6. c3 Nc6 7. Ndf3 f6 8. Bd3
cxd4 9. Nxd4 Nxd4 10. cxd4 Bb4+ 11. Bd2 Bxd2+ 12. Qxd2 fxe5 13. fxe5 Qh4+ 14.
g3 Qg4 15. Ne2 O-O 16. h3 Qh5 17. O-O-O Nb6 18. b3 Bd7 19. Kb2 Qe8 20. Nf4 Bb5
21. Qb4 Bxd3 22. Rxd3 Rc8 23. Rdd1 g5 24. Nd3 Rf3 25. g4 Qg6 26. Nc5 Rc6 27.
Qd2 Rc7 28. Rdf1 Rcf7 29. Rxf3 Rxf3 30. Nxb7 Rd3 31. Qf2 Qe4 32. Rf1 Qxd4+ 33.
Qxd4 Rxd4 34. Nc5 Rf4 35. Rxf4 gxf4 36. Kc3 Kf7 37. Kd3 Nc8 38. Ke2 Ne7 39. Nd3
Ng6 40. Kf3 Ke7 41. h4 Nxh4+ 42. Kxf4 h6 43. Ke3 Ng6 44. Kd4 Kd7 45. Kc5 Kc7
46. b4 a6 47. b5 axb5 48. Kxb5 Kb7 49. a4 Ne7 50. a5 Kc7 51. a6 Nc6 52. Kc5 Na5
53. Nf4 Nb3+ 54. Kb4 Nd4 55. Nd3 Kb6 56. Nf4 Kxa6 57. Kc5 Nf3 58. Kd6 Ng5 59.
Nxe6 Nxe6 1/2-1/2

[Event "European Youth Chess Championship B16"]
[Site "Prague, Top Hotel Prague"]
[Date "2012.08.23"]
[Round "7.47"]
[White "Ramsdal, Jens Albert"]
[Black "Shpakovsky, Kirill"]
[Result "0-1"]
[WhiteElo "1943"]
[BlackElo "1760"]
[PlyCount "94"]
[EventDate "2012.08.17"]

1. e4 c5 2. Nf3 d6 3. d4 cxd4 4. Nxd4 Nf6 5. Nc3 e6 6. Be3 Nc6 7. f3 Be7 8. Qd2
a6 9. O-O-O Qc7 10. g4 b5 11. h4 Ne5 12. Kb1 Nc4 13. Bxc4 bxc4 14. Ka1 Rb8 15.
h5 h6 16. Rb1 Bb7 17. Bg1 Ba8 18. Bh2 Qc5 19. Rhe1 O-O 20. Rg1 Nd7 21. f4 Bf6
22. Nde2 Qf2 23. e5 Qxh2 24. exf6 Nxf6 25. Qe3 Nd5 26. Nxd5 Bxd5 27. c3 e5 28.
f5 f6 29. Rbd1 Rb5 30. Rd2 Qh4 31. Rgd1 Bf7 32. Rxd6 Kh7 33. Qg3 Qg5 34. Ng1
Bxh5 35. Qh2 Bxg4 36. R1d2 Qxf5 37. a3 Qf1+ 38. Ka2 Bf5 39. Rd1 Qf4 40. Qg2
Rfb8 41. R1d2 Be4 42. Qe2 Bd3 43. Qg2 Qf1 44. Qxf1 Bxf1 45. Rxa6 e4 46. Rf2 Bd3
47. Ne2 Rxb2+ 0-1

[Event "European Youth Chess Championship B16"]
[Site "Prague, Top Hotel Prague"]
[Date "2012.08.23"]
[Round "7.48"]
[White "Hros, Roman"]
[Black "Pricopie, Stefan"]
[Result "1-0"]
[WhiteElo "1935"]
[BlackElo "1616"]
[PlyCount "61"]
[EventDate "2012.08.17"]

1. b4 c6 2. Bb2 d5 3. a3 Nf6 4. e3 Bf5 5. Nf3 Nbd7 6. c4 dxc4 7. Bxc4 e6 8. O-O
Be7 9. Nc3 O-O 10. Nd4 Bg6 11. f4 c5 12. bxc5 Nxc5 13. f5 exf5 14. Nxf5 Bxf5
15. Rxf5 Nd3 16. Qc2 Nxb2 17. Qxb2 Qd7 18. Raf1 Rac8 19. d3 Rc5 20. R5f3 a6 21.
a4 b5 22. axb5 axb5 23. Bxb5 Qb7 24. Rf5 Rfc8 25. Rxc5 Rxc5 26. Rb1 Nd5 27.
Nxd5 Qxd5 28. Bc4 Qd8 29. Qf2 Bf6 30. Qf4 Rc8 31. Rb7 1-0

[Event "European Youth Chess Championship B16"]
[Site "Prague, Top Hotel Prague"]
[Date "2012.08.23"]
[Round "7.51"]
[White "Skalicky, Tomas"]
[Black "Novotny, Ales"]
[Result "0-1"]
[WhiteElo "2022"]
[BlackElo "1794"]
[PlyCount "79"]
[EventDate "2012.08.17"]

1. d4 Nf6 2. Nf3 g6 3. e3 Bg7 4. Be2 d5 5. c4 e6 6. O-O O-O 7. Nc3 b6 8. b3 Bb7
9. Bb2 c5 10. dxc5 bxc5 11. cxd5 exd5 12. Na4 Nbd7 13. Rc1 Qa5 14. Qd2 Qxd2 15.
Nxd2 Rfc8 16. Rc2 Rc7 17. Rfc1 Rac8 18. Nf3 Bf8 19. Bb5 a6 20. Bxd7 Nxd7 21.
Ba3 a5 22. Ne1 c4 23. Bxf8 Kxf8 24. Nf3 Bc6 25. Nb2 Bb5 26. Nd4 Ba6 27. bxc4
dxc4 28. Nb3 Ne5 29. Nxa5 c3 30. Na4 Nd3 31. Rb1 Nb2 32. Nb6 Rd8 33. Rbc1 Rd6
34. Nbc4 Bxc4 35. Rxc3 Rd5 36. Nxc4 Rxc4 37. Rxc4 Nxc4 38. g3 Ne5 39. Rc2 Nf3+
40. Kg2 0-1

[Event "European Youth Chess Championship B16"]
[Site "Prague, Top Hotel Prague"]
[Date "2012.08.23"]
[Round "7.53"]
[White "Melichar, Vojtech"]
[Black "Aartun, Eivind"]
[Result "1-0"]
[WhiteElo "1737"]
[BlackElo "1826"]
[PlyCount "63"]
[EventDate "2012.08.17"]

1. e4 c5 2. Nf3 d6 3. d4 cxd4 4. Nxd4 Nf6 5. Nc3 g6 6. Be3 Bg7 7. f3 O-O 8. Qd2
Nc6 9. g4 Nxd4 10. Bxd4 Nd7 11. Bxg7 Kxg7 12. O-O-O Ne5 13. Qg2 Be6 14. h4 Qa5
15. Kb1 Rac8 16. Nd5 Bxd5 17. exd5 Qc5 18. Rh3 Nc4 19. Bxc4 Qxc4 20. Qd2 h6 21.
f4 f6 22. Re3 Rfe8 23. Rde1 Rc7 24. b3 Qb5 25. g5 Qd7 26. gxf6+ Kxf6 27. Re6+
Kf7 28. h5 Rg8 29. hxg6+ Rxg6 30. Rxg6 Kxg6 31. Re6+ Kg7 32. Qg2+ 1-0